Libertad y creatividad en la educación: el sistema no directivo

Guardat en:
Dades bibliogràfiques
Autor principal: Rogers, Carl (Autor)
Format: Llibre
Idioma:espanyol
Publicat: Buenos Aires Paidós 1978
Col·lecció:Biblioteca del educador contemporáneo. Serie fundamental, 8
Matèries:
Etiquetes: Afegir etiqueta
Sense etiquetes, Sigues el primer a etiquetar aquest registre!

MARC

LEADER 00000nam a2200000 a 4500
001 UCZ0610
003 CL-VaPUC
008 950804e19780000AG |||||||||||||||||spa|d
082 0 4 |a 370.118  |b ROG  |2 21 
100 0 |a Rogers, Carl  |e author  |9 307267 
245 1 0 |a Libertad y creatividad en la educación: el sistema no directivo 
300 |a 256 p 
942 |c BK 
945 |d 19950804 00:00:00  |a mfernand 
260 |a Buenos Aires  |b Paidós  |c 1978 
650 0 |a Creatividad   |9 310816 
650 0 |a Enseñanza  |9 256457 
650 0 |a Aprendizaje   |9 254827 
650 0 |a Procesos de aprendizaje  |9 309161 
650 0 |a Sistemas educacionales  |9 324695 
650 0 |a Filosofía de la educación   |9 258384 
650 7 |a FINES DE LA EDUCACION  |2 CL-VaPUC  |9 343629 
583 |a last modification  |c 19950804 00:00:00  |k Rodrigo Vera 
490 0 |a Biblioteca del educador contemporáneo. Serie fundamental, 8 
999 |c 237524  |d 237522 
952 |0 0  |1 0  |4 0  |6 370_118000000000000_ROG_1978  |7 0  |8 A  |9 246789  |a BIBEDU  |b BIBEDU  |d 2019-11-18  |i 1549898  |o 370.118 ROG 1978  |p 1549898  |r 2019-11-18  |w 2019-11-18  |y BK  |k EDU